El Madrid de Galdós / (Record no. 7200)

MARC details
000 -LEADER
campo de control de longitud fija 01060nam a2200325 i 4500
001 - NÚMERO DE CONTROL
campo de control 7200
003 - IDENTIFICADOR DE NÚMERO DE CONTROL
campo de control ES-MaACL
005 - FECHA Y HORA DE LA ÚLTIMA TRANSACCIÓN
campo de control 20250602063218.0
008 - DATOS DE LONGITUD FIJA--INFORMACIÓN GENERAL
campo de control de longitud fija 901008s1987 sp |||| | spa d
017 ## - NÚMERO DE COPYRIGHT O DE DEPÓSITO LEGAL
Número de copyright o de depósito legal M 16056-1987
020 ## - NÚMERO INTERNACIONAL ESTÁNDAR DEL LIBRO
Número Internacional Estándar del Libro 8486280257
040 ## - FUENTE DE CATALOGACIÓN
Centro/agencia transcriptor ES-MaACL
080 ## - NÚMERO DE LA CLASIFICACIÓN DECIMAL UNIVERSAL
Número de la Clasificación Decimal Universal 91(464.1)"18"
245 03 - MENCIÓN DEL TÍTULO
Título El Madrid de Galdós /
Mención de responsabilidad, etc. Carlos Pla, Pilar Benito, Mercedes Casado, Juan Carlos Poyán
250 ## - MENCION DE EDICION
Mención de edición 1ª ed.
260 ## - PUBLICACIÓN, DISTRIBUCIÓN, ETC.
Lugar de publicación, distribución, etc. Madrid :
Nombre del editor, distribuidor, etc. El Avapiés,
Fecha de publicación, distribución, etc. 1987.
300 ## - DESCRIPCIÓN FÍSICA
Extensión 183 p. ;
Dimensiones 22 cm.
490 1# - MENCIÓN DE SERIE
Mención de serie Matrice
600 14 - PUNTO DE ACCESO ADICIONAL DE MATERIA--NOMBRE DE PERSONA
Nombre de persona Pérez Galdós, Benito,
Fechas asociadas al nombre 1843-1920-
Subdivisión general Crítica e interpretación
9 (RLIN) 90875
651 #4 - PUNTO DE ACCESO ADICIONAL DE MATERIA--NOMBRE GEOGRÁFICO
Nombre geográfico Madrid-
Subdivisión general Usos y costumbres-
Subdivisión cronológica S.XIX
9 (RLIN) 8988
700 0# - ENTRADA AGREGADA--NOMBRE PERSONAL
Nombre de persona Pla, Carlos
9 (RLIN) 92468
Término indicativo de función/relación Autor
700 0# - ENTRADA AGREGADA--NOMBRE PERSONAL
Nombre de persona Benito, Pilar
Término indicativo de función/relación Autor
9 (RLIN) 240782
700 0# - ENTRADA AGREGADA--NOMBRE PERSONAL
Nombre de persona Casado, Mercedes
Término indicativo de función/relación Autor
9 (RLIN) 240783
700 0# - ENTRADA AGREGADA--NOMBRE PERSONAL
Nombre de persona Poyán, Juan Carlos
Término indicativo de función/relación Autor
9 (RLIN) 240784
830 0# - PUNTO DE ACCESO ADICIONAL DE SERIE-TÍTULO UNIFORME
Título uniforme Matrice
9 (RLIN) 226837
852 ## - LOCALIZACIÓN
Ubicación ES-MaACL
Número de control de estantería L-14425
Ubicación en estantería Depósito 2
Encuadernación Encuadernación rústica con solapas
942 ## - ELEMENTOS DE ENTRADA SECUNDARIOS (KOHA)
Tipo de ítem Koha Libro impreso
Suprimir en OPAC No
Holdings
Estatus retirado Estado de pérdida Estado de daño No para préstamo Biblioteca de origen Biblioteca actual Ubicación en estantería Fecha de adquisición Fuente de adquisición Total de préstamos Signatura topográfica completa Código de barras Visto por última vez Precio de reemplazo Tipo de ítem Koha
        Biblioteca del Ateneo de Madrid Biblioteca del Ateneo de Madrid Depósito 2 17/01/2008     L-14425 1007339 23/02/2023 23/02/2023 Libro impreso